Cuentos de Boz / (Record no. 189356)

MARC details
000 -LEADER
campo de control de longitud fija 01041nam a2200301 i 4500
001 - NÚMERO DE CONTROL
campo de control 189356
003 - IDENTIFICADOR DE NÚMERO DE CONTROL
campo de control SpMaBN
005 - FECHA Y HORA DE LA ÚLTIMA TRANSACCIÓN
campo de control 20260525062939.0
008 - DATOS DE LONGITUD FIJA--INFORMACIÓN GENERAL
campo de control de longitud fija 190524s1947 ag |||| | spa d
080 ## - NÚMERO DE LA CLASIFICACIÓN DECIMAL UNIVERSAL
Número de la Clasificación Decimal Universal 821.111-34"18"
100 1# - ENTRADA PRINCIPAL--NOMBRE DE PERSONA
Nombre de persona Dickens, Charles.
9 (RLIN) 44489
245 10 - MENCIÓN DEL TÍTULO
Título Cuentos de Boz /
Mención de responsabilidad, etc. Carlos Dickens ; [traducción y prólogo de Rosendo Llatas].
250 ## - MENCION DE EDICION
Mención de edición 1ª ed. popular para la Colección austral.
260 ## - PUBLICACIÓN, DISTRIBUCIÓN, ETC.
Lugar de publicación, distribución, etc. Buenos Aires :
Nombre del editor, distribuidor, etc. Espasa-Calpe,
Fecha de publicación, distribución, etc. 1947.
300 ## - DESCRIPCIÓN FÍSICA
Extensión 148 p. ;
Dimensiones 18 cm.
490 1# - MENCIÓN DE SERIE
Mención de serie Colección austral ;
Designación de volumen o secuencia 772
505 8# - NOTA DE CONTENIDO CON FORMATO
Nota de contenido con formato Contiene: El duelo ; Mrs. Tuggs y su familia en Ramsgate ; La muerte del borracho ; Sentimental ; El velo negro
594 ## - Nota al título y mención de responsabilidad
Nota al título y mención de responsabilidad Boz: seud. de Charles Dickens
700 1# - ENTRADA AGREGADA--NOMBRE PERSONAL
Nombre de persona Llatas, Rosendo.
9 (RLIN) 174108
740 32 - ENTRADA AGREGADA--TÍTULO RELACIONADO/ANALÍTICO NO CONTROLADO
Título relacionado o analítico no controlado El duelo.
740 02 - ENTRADA AGREGADA--TÍTULO RELACIONADO/ANALÍTICO NO CONTROLADO
Título relacionado o analítico no controlado Mrs. Tuggs y su familia en Ramsgate.
740 32 - ENTRADA AGREGADA--TÍTULO RELACIONADO/ANALÍTICO NO CONTROLADO
Título relacionado o analítico no controlado La muerte del borracho ;.
740 02 - ENTRADA AGREGADA--TÍTULO RELACIONADO/ANALÍTICO NO CONTROLADO
Título relacionado o analítico no controlado Sentimental.
740 32 - ENTRADA AGREGADA--TÍTULO RELACIONADO/ANALÍTICO NO CONTROLADO
Título relacionado o analítico no controlado El velo negro.
830 1# - PUNTO DE ACCESO ADICIONAL DE SERIE-TÍTULO UNIFORME
Título uniforme Colección austral
Designación de volumen o secuencia 772
9 (RLIN) 177655
852 4# - LOCALIZACIÓN
Ubicación ES-MaACL
Número de control de estantería L-32355
Holdings
Estatus retirado Estado de pérdida Estado de daño No para préstamo Biblioteca de origen Biblioteca actual Ubicación en estantería Fecha de adquisición Fuente de adquisición Total de préstamos Signatura topográfica completa Código de barras Visto por última vez Precio de reemplazo Tipo de ítem Koha
        Biblioteca del Ateneo de Madrid Biblioteca del Ateneo de Madrid Depósito 2 24/05/2019     L-32355 1200624 23/02/2023 23/02/2023 Libro impreso